00877nam a2200169 i 4500001000700000003000900007005001700016008004100033100004100074245008100115260004600196300003900242650005200281852022800333999001900561952012700580189370ES-MaACL20250815111110.0190527s1876 sp |||| | eng d1 aMac-Pherson, J. (d1839-1902)97504510aOn the origin of the serpentine of the Ronda mountains / cby J. Macpherson. aMadrid : b[s.n.], c1876 (fT. Fortanet) a20 p., [2] h. de lám. ; c23 cm. 7aGeología-zRonda (España, Sierra)29167125 aES-MaACLjB-8927(4) z.- Legado de Federico de Botella y de Hornos z.- Encuadernado en un vol. facticio agrupado con el nombre en el lomo: España, geología, memorias y documentos varios 41 al 56 z.- Ded. ms. del autor c189370d189370 001040708LIBXIXaATENEOMbATENEOMcSPBd2019-05-27eDONl0oB-8927(4)p1200639r2023-02-23 00:00:00w2023-02-23yMONANT